<?xml version="1.0" encoding="UTF-8"?><?xml-stylesheet type="text/xsl" href="static/style.xsl"?><OAI-PMH xmlns="http://www.openarchives.org/OAI/2.0/" xmlns:xsi="http://www.w3.org/2001/XMLSchema-instance" xsi:schemaLocation="http://www.openarchives.org/OAI/2.0/ http://www.openarchives.org/OAI/2.0/OAI-PMH.xsd"><responseDate>2026-06-30T06:21:01Z</responseDate><request verb="GetRecord" identifier="oai:riubu.ubu.es:10259/7238" metadataPrefix="marc">https://riubu.ubu.es/oai/request</request><GetRecord><record><header><identifier>oai:riubu.ubu.es:10259/7238</identifier><datestamp>2023-01-14T01:05:24Z</datestamp><setSpec>com_10259_7068</setSpec><setSpec>com_10259_4144</setSpec><setSpec>com_10259.4_106</setSpec><setSpec>com_10259_2604</setSpec><setSpec>col_10259_7069</setSpec></header><metadata><record xmlns="http://www.loc.gov/MARC21/slim" xmlns:doc="http://www.lyncode.com/xoai" xmlns:xsi="http://www.w3.org/2001/XMLSchema-instance" xmlns:dcterms="http://purl.org/dc/terms/" xsi:schemaLocation="http://www.loc.gov/MARC21/slim http://www.loc.gov/standards/marcxml/schema/MARC21slim.xsd">
<leader>00925njm 22002777a 4500</leader>
<datafield tag="042" ind1=" " ind2=" ">
<subfield code="a">dc</subfield>
</datafield>
<datafield tag="720" ind1=" " ind2=" ">
<subfield code="a">Ruiz Hidalgo, David</subfield>
<subfield code="e">author</subfield>
</datafield>
<datafield tag="260" ind1=" " ind2=" ">
<subfield code="c">2022-04</subfield>
</datafield>
<datafield tag="520" ind1=" " ind2=" ">
<subfield code="a">El presente artículo analiza la formación inicial en metodologías activas de los futuros docentes de inglés, en este caso alumnos del&#xd;
Máster en Profesor de Educación Secundaria Obligatoria y Bachillerato,&#xd;
Formación Profesional y Enseñanza de Idiomas. La investigación parte&#xd;
de cuestionarios pre-test y post-test aplicados a los alumnos durante el&#xd;
primer semestre del Máster en el curso 2021-22. Los resultados informan&#xd;
de la escasa formación en metodologías activas y TIC en las titulaciones&#xd;
previas, destacando la motivación e interés que suscita en los futuros profesores, la implementación del Aprendizaje Basado en Proyectos como&#xd;
herramienta de evaluación. Al terminar el primer semestre universitario&#xd;
se constatan los conocimientos adquiridos por el alumnado durante las&#xd;
clases en la asignatura “Didáctica de las lenguas no maternas”, en la que&#xd;
uno de los procedimientos de evaluación de la misma consiste en el diseño y puesta en práctica de un proyecto final (ABP) para el aula de ILE&#xd;
(Inglés como lengua extrajera) en el que los alumnos demuestran el nivel&#xd;
de adquisición de competencias y estrategias adquiridas en el campo de la&#xd;
didáctica. Esta investigación complementa el estudio “Integrando las TIC&#xd;
en la formación inicial de los docentes de idiomas” presentado en las VII&#xd;
Jornadas de Doctorandos de la Universidad de Burgos.</subfield>
</datafield>
<datafield tag="024" ind2=" " ind1="8">
<subfield code="a">978-84-18465-23-9</subfield>
</datafield>
<datafield tag="024" ind2=" " ind1="8">
<subfield code="a">http://hdl.handle.net/10259/7238</subfield>
</datafield>
<datafield tag="024" ind2=" " ind1="8">
<subfield code="a">10.36443/9788418465239</subfield>
</datafield>
<datafield ind1=" " ind2=" " tag="653">
<subfield code="a">Metodologías activas</subfield>
</datafield>
<datafield ind1=" " ind2=" " tag="653">
<subfield code="a">ABP</subfield>
</datafield>
<datafield ind1=" " ind2=" " tag="653">
<subfield code="a">Formación inicial</subfield>
</datafield>
<datafield ind1=" " ind2=" " tag="653">
<subfield code="a">Evaluación</subfield>
</datafield>
<datafield tag="245" ind1="0" ind2="0">
<subfield code="a">El aprendizaje basado en proyectos en la educación superior: Docencia y evaluación</subfield>
</datafield>
</record></metadata></record></GetRecord></OAI-PMH>